000 01017cam a22002531 4500
001 ne 68002722
003 DLC
005 20260227111844.0
008 820728s1968 ua 000 0 arar
010 _ane 68002722
025 _aPL480:UAR-9262
035 _a(OCoLC)8638126
040 _aDLC
_cTU
_dTU
_dDLC
050 0 0 _aBP135.A2
_bT33
100 1 _aṬaḥāwī, Aḥmad ibn Muḥammad,
_d852?-933.
245 1 0 _aSharḥ maʻānī al-āthār,
_cli-Abī Jaʻfar Aḥmad ibn Muḥammad ibn Salāmah ibn ʻAbd al-Malik ibn Salāmah al-Azdī al-Ḥajarī al-Miṣrī al-Ṭaḥāwī al-Ḥanafī. Ḥaqqaqahu wa-qaddama lahu wa-ʻallaqa ʻalayh Muḥammad Sayyid Jād al-Ḥaqq.
260 _aal-Qāhirah,
_bMaṭabaʻat al-anwār al-Muḥammadīyah
_c[1968]
300 _a4 v.
_c28 cm.
500 _aVols. 2-4 edited by Muḥammad Zahrī al-Najjār.
650 0 _aHadith.
700 2 _aJād al-Ḥaqq, Muḥammad Sayyid ,
_eed.
700 1 _aNajjār, Muḥammad Zahrī,
_eed.
740 0 _aMaʻānī al-āthār.
999 _c50596
_d50596